|
|
|
|
| LEADER |
00000nam a22000007a 4500 |
| 005 |
20210105001314.0 |
| 007 |
cr|||| |||| |
| 008 |
210105s2017 br |||||s|||| 00||0 por d |
| 020 |
|
|
|a 978-85-8248-118-9
|
| 035 |
|
|
|a 32493
|
| 040 |
|
|
|a vLex
|
| 090 |
|
|
|c 11051
|d 11051
|
| 100 |
1 |
|
|a Alves da Silva, Ricardo
|
| 245 |
1 |
0 |
|a Infraė̳s de trńsito comentadas
|h [Recurso electrn̤ico] :
|b doutrinas, jurisprudn̊cias e pareceres dos r̤gôs executivos e normativos de trńsito /
|c Ricardo Alves da Silva
|
| 256 |
|
|
|a Servicio en ln̕ea
|
| 260 |
|
|
|a San Pablo:
|b Letras Jurídicas Editora,
|c 2017
|
| 300 |
|
|
|a 1 recurso electrn̤ico
|
| 500 |
|
|
|a Atualizada com a Lei nð 13.281, de 4 de Maio de 2016 e Lei nð 13.290, de 23 de Maio de 2016
|
| 506 |
1 |
|
|a Disponible solo en los productos indicados
|d vLex Global
|d vLex Global (Academic Edition, excluding Law Schools)
|d vLex Global (U.S. Academic Edition, Law Schools)
|d vLex Global (U.S. Academic Edition, excluding Law Schools)
|d vLex Global (Academic Edition, Law Schools)
|
| 650 |
0 |
4 |
|a Derecho Penal
|z Brasil
|
| 650 |
0 |
4 |
|a Premios y Distinciones
|z Brasil
|
| 740 |
0 |
|
|a vLex Libros (Servicio en ln̕ea)
|
| 856 |
4 |
0 |
|u http://vlex.com/source/infra-es-de-tr-nsito-comentadas-doutrinas-jurisprud-ncias-e-pareceres-dos-org-os-executivos-e-normativos-de-tr-nsito-32493
|z Acceso restringido
|
| 942 |
|
|
|c BOOK
|
| 999 |
0 |
|
|a Criminal Law
|
| 999 |
0 |
|
|a Awards and Distinctions
|